|
|
|
|
| LEADER |
00000nab a2200000 a 4500 |
| 001 |
vtls000017932 |
| 003 |
SK-MaSNL |
| 005 |
20260303200750.0 |
| 008 |
111103c1978 xo 0 slo |
| 015 |
|
|
|a SNBRB19rr/mm-uuuuu
|
| 035 |
|
|
|a CL0028026
|
| 040 |
|
|
|a SNKBUCL
|b slo
|c SNKBUCL
|e AACR2
|
| 041 |
0 |
|
|a slo
|
| 044 |
|
|
|a xo
|c SK
|
| 080 |
|
|
|a 631.1
|2 1981
|
| 080 |
|
|
|a 65
|2 1981
|
| 100 |
1 |
|
|a Majerčák, Fabián
|4 aut
|9 420837
|
| 245 |
1 |
0 |
|a Vedúci pracovník v systéme riadenia poľnohospodárskej veľkovýroby
|c Fabián Majerčák
|
| 650 |
0 |
7 |
|a poľnohospodárstvo
|2 snkbucl
|9 679
|
| 650 |
0 |
7 |
|a vedúci pracovníci
|2 snkbucl
|9 59720
|
| 655 |
|
7 |
|a články z novín a časopisov
|2 snkbucl
|9 267496
|
| 773 |
0 |
|
|t Informácie MPVž SSR
|g Roč. 6, č. 19 (1978), s. 23-25
|
| 850 |
|
|
|a Slovenská národná knižnica v Martine
|a MTA001
|
| 852 |
|
|
|a SNK
|b KIS3GCP
|
| 958 |
|
|
|a RK
|
| 992 |
|
|
|a RBX
|
| 999 |
|
|
|c 2169607
|d 2171537
|